communication and human needs in africa (Record no. 25779)
[ view plain ]
| 000 -LEADER | |
|---|---|
| fixed length control field | 00656nam a2200169Ia 4500 |
| 008 - FIXED-LENGTH DATA ELEMENTS--GENERAL INFORMATION | |
| fixed length control field | 081213s9999 xx 000 0 und d |
| 020 ## - INTERNATIONAL STANDARD BOOK NUMBER | |
| Terms of availability | 0940738139 |
| 050 ## - LIBRARY OF CONGRESS CALL NUMBER | |
| Classification number | HN780.29 |
| Item number | .C63 1988 |
| 245 ## - TITLE STATEMENT | |
| Title | communication and human needs in africa |
| Statement of responsibility, etc | edited by Onuora E. Nwuneli |
| 260 ## - PUBLICATION, DISTRIBUTION, ETC. (IMPRINT) | |
| Date of publication, distribution, etc | 1988 |
| Place of publication, distribution, etc | New York |
| Name of publisher, distributor, etc | Blind Beggar Press |
| 300 ## - PHYSICAL DESCRIPTION | |
| Extent | 99p. |
| 440 ## - SERIES STATEMENT/ADDED ENTRY--TITLE | |
| Title | A lamplight edition |
| 650 ## - SUBJECT ADDED ENTRY--TOPICAL TERM | |
| Topical term or geographic name as entry element | communication |
| -- | Political science |
| -- | economics |
| -- | Sociology |
| 700 ## - ADDED ENTRY--PERSONAL NAME | |
| Personal name | Nwuneli, Onuora E. |
| 942 ## - ADDED ENTRY ELEMENTS (KOHA) | |
| Item type | Book |
| Source of classification or shelving scheme | Library of Congress Classification |
| Withdrawn status | Lost status | Source of classification or shelving scheme | Damaged status | Not for loan | Collection code | Home library | Current library | Date acquired | Total Checkouts | Full call number | Barcode | Date last borrowed | Copy number | Price effective from | Koha item type |
|---|---|---|---|---|---|---|---|---|---|---|---|---|---|---|---|
| Library of Congress Classification | Non-fiction | Bishop Okullu Memorial Library (Limuru Campus) | Bishop Okullu Memorial Library (Limuru Campus) | 15/12/2008 | 2 | HN780.29.C63 1988 | 024574 | 29/09/2014 | 1 | 15/12/2008 | Book |